000 00401cam a2200169ua 4500
020 _c7.35
041 _aeng
_h
082 _a823.308
_bCUM/FO
100 _aCumming, Prim Rose.
245 _aFour rode home /
_cPrim Rose Cumming.
_hTextual Documents
260 _a :
_bDent Pennant Books ,
_c1963.
300 _a252 ; .
365 _a7.35
504 _a
942 _cBK
999 _c7779
_d7779